Komparácia udržateľnosti dôchodkového systému v Slovenskej a Českej republike diplomová práca

Guardado en:
Detalles Bibliográficos
Autor principal: Vojčáková, Ľubomíra
Autor Corporativo: Národohospodárska fakulta EU. Katedra sociálneho rozvoja a práce
Otros Autores: Sika, Peter, 1975-
Formato: Libro
Lenguaje:eslovaco
Publicado: Bratislava 2025
Etiquetas: Agregar Etiqueta
Sin Etiquetas, Sea el primero en etiquetar este registro!

MARC

LEADER 00000nbm a2200000 4500
001 0309287
005 20251028094008.3
041 0 |a slo 
044 |a SK 
245 1 0 |a Komparácia udržateľnosti dôchodkového systému v Slovenskej a Českej republike  |b diplomová práca  |c Ľubomíra Vojčáková ; školiteľ: Peter Sika 
264 1 |a Bratislava  |c 2025 
300 |a 59 s. 
100 1 |a Vojčáková, Ľubomíra 
700 1 |a Sika, Peter, 1975- 
710 2 |a Národohospodárska fakulta EU. Katedra sociálneho rozvoja a práce